000 00251nam a22001097a 4500
008 170123b xxu||||| |||| 00| 0 eng d
020 _a9780077308001
041 _aeng
080 _25TH
_a618.2
245 _aNURSING NOW!
_cCATALANO, J.T
942 _2udc
_cBK
999 _c3343
_d3343